000 00332 a2200133 4500
000 nam a22 7a 4500
100 _aKumar R.P
110 _aKumar R.P
245 _aCollaborative Intelligence :Building smarter Libraries Together
250 _aLatest Edition
260 _bDaya
_c2026
264 _bDaya
_c2026
942 _cBK
999 _c397237
_d397237